Представление документа в формате RUSMARC

ПолеНазваниеЗначение
  Тип записи a
  Библиографический уровень m
001 Контрольный номер RU/REG73/CBS_GRAD/b7f56eeed736422f87bf7db513cf4a94
005 Дата корректировки 20230725081522.0
010 Индекс ISBN __
a ISBN 978-5-17-148547-4
100 Данные общей обработки __
a Данные общей обработки 20230725d 0rusy0189## ca
101 Язык документа 0_
a Язык текста rus
102 Страна публикации __
a Страна публикации RU
200 Заглавие и сведения об ответственности 1_
a Заглавие Василий Тёркин
e Сведения, относящиеся к заглавию сборник
f Первые сведения об ответственности Твардовский Александр Трифонович
210 Выходные данные 1_
a Место издания Москва
c Издательство АСТ
d Дата издания 2022
215 Физическое описание __
a Объем 320 с.
686 Индексы других классификаций __
a Классификационный индекс 84 (2 Рос=Рус)6
700 Автор _1
a Фамилия Твардовский
g Полное личное имя Александр Трифонович
801 Источник записи _0
a Страна RU
b Организация RuCBSGrad
c Дата составления 20230725
g Правила каталогизации RCR
801 Источник записи _1
a Страна RU
b Организация RuCBSGrad
c Дата составления 20230725
g Правила каталогизации RCR
852 Данные о местонахождении __
i Авторский знак Т 26
901 Тип документа __
t Тип документа m